[Event "Tournoi francophone 019"]
[Site "Skype"]
[Date "????.??.??"]
[Round "4.3"]
[White "Scata, Laura"]
[Black "Caputi, Giuliano"]
[Result "0-1"]
[WhiteElo "1370"]
[BlackElo "1638"]
[PlyCount "78"]

1. d4 f5 2. Nf3 g6 3. e3 Bg7 4. Nbd2 Nf6 5. Bc4 e6 6. a3 d5 7. Ba2 O-O 8. O-O
h6 9. c4 Nbd7 10. cxd5 exd5 11. b4 c6 12. Bb2 Kh7 13. Ne5 Nxe5 14. dxe5 Ng4 15.
Nf3 Qe7 16. h3 Nxe5 17. Nxe5 Bxe5 18. Bxe5 Qxe5 19. Re1 Be6 20. Qb1 Rad8 21.
Bb3 Rfe8 22. Qa2 Qf6 23. Rad1 a6 24. a4 Qf7 25. Rd4 Rd6 26. Qc2 Qd7 27. Red1
Bg8 28. Qd3 Re4 29. Bc2 Rxd4 30. Qxd4 Qg7 31. Qc5 Rd7 32. Kf1 Qe7 33. Qd4 Rd8
34. Rd2 Re8 35. Re2 Qe5 36. Qb6 Re7 37. Kg1 Kg7 38. a5 Bf7 39. Ba4 Qa1+ 0-1

[Event "Tournoi francophone 019"]
[Site "Skype"]
[Date "????.??.??"]
[Round "4.4"]
[White "Gadow, Martin"]
[Black "Khabou, Taha"]
[Result "0-1"]
[WhiteElo "1342"]
[BlackElo "1358"]
[PlyCount "136"]

1. d4 e6 2. Nf3 d5 3. Bf4 c5 4. e3 Nc6 5. dxc5 Bxc5 6. c3 Nf6 7. Nbd2 Bd6 8.
Bg3 a6 9. Bd3 b5 10. O-O Bb7 11. Qc2 Rc8 12. e4 Bxg3 13. hxg3 Nb4 14. Qb1 Nxd3
15. Qxd3 dxe4 16. Qxd8+ Rxd8 17. Nd4 O-O 18. N2b3 Rc8 19. Nc2 Nd5 20. Na5 Ba8
21. Ne3 Nxe3 22. fxe3 Rfd8 23. Rad1 Rd3 24. Rxd3 exd3 25. Nb3 e5 26. Rd1 e4 27.
Rd2 Bd5 28. Nc1 f5 29. Kf2 h5 30. a3 Kf7 31. Ne2 g5 32. Nd4 Kf6 33. Ne2 Ke5 34.
Ng1 f4 35. exf4+ gxf4 36. gxf4+ Kxf4 37. g3+ Kg4 38. Ne2 Bc4 39. Nd4 Re8 40.
Ke3 Kxg3 41. Nf5+ Kg4 42. Nd6 Re6 43. Rg2+ Kh4 44. Nf5+ Kh3 45. Rg1 Kh2 46. Rg5
a5 47. Rxh5+ Kg2 48. Rg5+ Kh3 49. Rg3+ Kh2 50. Rg5 a4 51. Rh5+ Kg2 52. Kd2 Kf2
53. Ne3 Rg6 54. Rf5+ Kg3 55. Re5 Kf4 56. Rf5+ Kg3 57. Rf1 Rg8 58. Rg1+ Kf4 59.
Rxg8 Bxg8 60. Ng2+ Kf3 61. Ne1+ Kf2 62. Nxd3+ exd3 63. Kxd3 Ke1 64. Kc2 Bh7+
65. Kc1 Ke2 66. b3 axb3 67. Kb2 Bc2 68. c4 bxc4 0-1

[Event "Tournoi francophone 019"]
[Site "Skype"]
[Date "????.??.??"]
[Round "4.5"]
[White "Vello, Pablo"]
[Black "Marino, Giuseppe"]
[Result "1/2-1/2"]
[WhiteElo "1190"]
[BlackElo "1335"]
[PlyCount "52"]

1. d4 d5 2. Nc3 e6 3. Bf4 Bd6 4. Bxd6 Qxd6 5. e4 dxe4 6. Nxe4 Qd8 7. Nf3 Nf6 8.
Bd3 Nbd7 9. Qd2 b6 10. Qg5 Nxe4 11. Qxd8+ Kxd8 12. Bxe4 Rb8 13. Ng5 Ke7 14. O-O
Bb7 15. Bxb7 Rxb7 16. Rae1 c6 17. Nf3 h6 18. Nh4 g6 19. f4 Kd8 20. Rf2 Nf6 21.
Nf3 Nd7 22. Ref1 a6 23. Ne5 Nxe5 24. fxe5 Rh7 25. c4 Rd7 26. Rd2 Ke7 1/2-1/2

[Event "Tournoi francophone 019"]
[Site "Skype"]
[Date "????.??.??"]
[Round "4.7"]
[White "Sauvaget, Joel"]
[Black "Rodier, Marc"]
[Result "1/2-1/2"]
[WhiteElo "1255"]
[BlackElo "1512"]
[PlyCount "45"]

1. e4 c5 2. d3 Nc6 3. Nf3 d6 4. Be2 g6 5. Bg5 Bg7 6. O-O Bxb2 7. Nbd2 Bxa1 8.
Qxa1 Nf6 9. Nc4 e5 10. Ne3 h6 11. Bh4 g5 12. Bg3 Be6 13. h3 Qd7 14. Bd1 O-O-O
15. Ne1 h5 16. c4 Nd4 17. a4 a5 18. Qb2 Qc7 19. N1c2 Rdg8 20. Nxd4 cxd4 21. Nd5
Nxd5 22. cxd5 Bd7 23. Bxh5 1/2-1/2

[Event "Tournoi francophone 019"]
[Site "Skype"]
[Date "????.??.??"]
[Round "4.8"]
[White "Sequeda Pimiento, Javier Ricardo"]
[Black "Briere, Jean"]
[Result "1-0"]
[WhiteElo "1395"]
[BlackElo "1259"]
[PlyCount "41"]

1. e4 e5 2. Nf3 Nc6 3. d4 exd4 4. Nxd4 Bc5 5. Nxc6 bxc6 6. Bc4 Qf6 7. O-O Ne7
8. Be3 Bb6 9. Bxb6 cxb6 10. Nc3 O-O 11. f4 Ng6 12. e5 Qd8 13. Ne4 b5 14. Bb3
Qh4 15. Qf3 d5 16. exd6 Bd7 17. Nc5 Bg4 18. Qxc6 Be2 19. Bxf7+ Kxf7 20. Qd5+
Ke8 21. d7+ 1-0

[Event "Tournoi francophone 019"]
[Site "Skype"]
[Date "????.??.??"]
[Round "4.9"]
[White "Vasquez Cienfuegos, Oscar"]
[Black "Gharbi, Said"]
[Result "1-0"]
[WhiteElo "1389"]
[BlackElo "1252"]
[PlyCount "143"]

1. c4 b6 2. g3 Bb7 3. Nf3 d5 4. Bg2 dxc4 5. Qa4+ Nd7 6. Ne5 Bxg2 7. Rg1 Bh3 8.
g4 Ngf6 9. Rg3 Bxg4 10. Nxg4 Ne4 11. Re3 Nd6 12. Qc6 e6 13. Nc3 Be7 14. Ne5 Nf5
15. Re4 Rb8 16. Nxd7 Qxd7 17. Qxd7+ Kxd7 18. Rxc4 Bf6 19. Nb5 Rb7 20. e4 Nd6
21. Nxd6 cxd6 22. Rb1 h5 23. Ke2 h4 24. a4 h3 25. d4 Rc7 26. Rxc7+ Kxc7 27. Be3
Rh4 28. f3 Rh5 29. f4 g5 30. e5 dxe5 31. dxe5 Be7 32. Kf3 f5 33. exf6 Bxf6 34.
Kg4 Rh4+ 35. Kg3 gxf4+ 36. Bxf4+ e5 37. Bxe5+ Kd7 38. Bxf6 Rh6 39. Bc3 Kc6 40.
Rd1 Kb7 41. b4 Rc6 42. Be5 Re6 43. Bf4 Re4 44. Bd6 Re3+ 45. Kg4 Ra3 46. a5 bxa5
47. bxa5 Rxa5 48. Rb1+ Kc6 49. Bg3 Rd5 50. Kxh3 Rh5+ 51. Kg4 Rh7 52. Kf5 Rh5+
53. Kg6 Rh8 54. Rc1+ Kd7 55. Rc7+ Ke6 56. Rxa7 Rg8+ 57. Kh5 Rh8+ 58. Kg4 Rf8
59. Ra6+ Kf7 60. Ra7+ Kg6 61. Ra6+ Kh7 62. Ra7+ Kg6 63. h4 Rf5 64. Ra6+ Rf6 65.
Rxf6+ Kxf6 66. Kh5 Kg7 67. Kg5 Kh7 68. h5 Kg8 69. Kg6 Kh8 70. h6 Kg8 71. h7+
Kh8 72. Be5# 1-0

[Event "Tournoi francophone 019"]
[Site "Skype"]
[Date "????.??.??"]
[Round "4.10"]
[White "Pouteau, Pascal"]
[Black "L'Herbon De Lussats, Jean"]
[Result "1-0"]
[WhiteElo "1349"]
[BlackElo "1233"]
[PlyCount "69"]

1. d4 Nf6 2. Nf3 e6 3. c4 c5 4. Nc3 cxd4 5. Nxd4 Nc6 6. Bg5 Bc5 7. e3 a6 8. Be2
O-O 9. Ne4 Be7 10. Nc3 Qc7 11. O-O Ne5 12. Bf4 Bd6 13. b3 b5 14. Rc1 b4 15. Na4
Bb7 16. c5 Be7 17. Bf3 Nd5 18. Nb6 Nxb6 19. cxb6 Nxf3+ 20. Nxf3 Bxf3 21. Rxc7
Bxd1 22. Rxd1 Rfd8 23. Kf1 Kf8 24. Rdxd7 Rxd7 25. Rxd7 Ke8 26. Ra7 Rc8 27. Bc7
Kd7 28. Be5+ Kd8 29. b7 Rc1+ 30. Ke2 Rc2+ 31. Kf3 Bf6 32. b8=Q+ Rc8 33. Qb6+
Ke8 34. Bxf6 gxf6 35. Qd6 1-0

[Event "Tournoi francophone 019"]
[Site "Skype"]
[Date "????.??.??"]
[Round "4.13"]
[White "Malbec, Robert"]
[Black "Prieto Umba, Jairo Ovidio"]
[Result "0-1"]
[WhiteElo "1174"]
[BlackElo "1317"]
[PlyCount "53"]

1. e4 e5 2. Nf3 d6 3. Bc4 Nf6 4. Ng5 d5 5. exd5 Nxd5 6. Nxf7 Kxf7 7. Qf3+ Ke6
8. Nc3 c6 9. Qe4 Kd6 10. d4 exd4 11. Qxd4 Be6 12. Bf4+ Kd7 13. O-O-O Qf6 14.
Be5 Qe7 15. Na4 b5 16. Nc5+ Qxc5 17. Bb3 Na6 18. a3 Qxd4 19. Rxd4 Bc5 20. Rd2
Rhg8 21. g3 Raf8 22. f4 Be3 23. Kd1 Bxd2 24. Kxd2 Nc5 25. Ba2 Rd8 26. c4 bxc4
27. Bxc4 0-1

[Event "Tournoi francophone 019"]
[Site "Skype"]
[Date "????.??.??"]
[Round "4.14"]
[White "De Coninck, Philippe"]
[Black "Trivedi, Viral"]
[Result "1/2-1/2"]
[WhiteElo "1290"]
[BlackElo "1202"]
[PlyCount "68"]

1. d4 Nf6 2. Bf4 g6 3. Nf3 Bg7 4. e3 d5 5. c4 O-O 6. Nc3 c6 7. Qc2 Bf5 8. Bd3
Bxd3 9. Qxd3 dxc4 10. Qxc4 Nbd7 11. O-O Nb6 12. Qd3 Nbd5 13. Nxd5 Nxd5 14. Bg3
Qb6 15. Qc2 Rac8 16. Rfc1 Nb4 17. Qc5 Qxc5 18. Rxc5 Nd3 19. Rc2 c5 20. Ne5 Bxe5
21. dxe5 b6 22. Rd1 Rfd8 23. Rcd2 c4 24. b3 cxb3 25. axb3 Rc3 26. Rb1 Rdc8 27.
Rbd1 Rxb3 28. h3 e6 29. Rxd3 Rxd3 30. Rxd3 a5 31. f4 b5 32. Be1 Rc1 33. Kf2 b4
34. Rb3 Rc4 1/2-1/2

[Event "Tournoi francophone 019"]
[Site "Skype"]
[Date "????.??.??"]
[Round "4.15"]
[White "Bucherie, Volcy"]
[Black "Esformes, Jacques"]
[Result "1-0"]
[WhiteElo "1264"]
[BlackElo "1147"]
[PlyCount "51"]

1. Nf3 c5 2. c4 Nf6 3. Nc3 e6 4. e4 Nc6 5. d3 Bd6 6. Be3 a6 7. g3 b6 8. Bg2 O-O
9. O-O Bb7 10. d4 Nxd4 11. Nxd4 cxd4 12. Qxd4 Bc5 13. Qd3 Bxe3 14. Qxe3 Re8 15.
Qd4 e5 16. Qd6 Qe7 17. Qxb6 Bxe4 18. Nxe4 Nxe4 19. Bxe4 d5 20. cxd5 Qe6 21.
dxe6 Rab8 22. exf7+ Kxf7 23. Qxa6 Rxb2 24. Bxh7 Ke7 25. Bg6 Rbb8 26. Bxe8 1-0

[Event "Tournoi francophone 019"]
[Site "Skype"]
[Date "????.??.??"]
[Round "4.16"]
[White "Gerbaux, Regis"]
[Black "Sahrane, Juba"]
[Result "0-1"]
[WhiteElo "1024"]
[BlackElo "1514"]
[PlyCount "38"]

1. d4 e6 2. c3 d5 3. Nf3 Nf6 4. Bf4 Bd6 5. Bg3 Bxg3 6. hxg3 O-O 7. e3 Nbd7 8.
Bd3 h6 9. Nbd2 Nh7 10. Qc2 Ng5 11. O-O-O Re8 12. Rde1 e5 13. dxe5 Nxe5 14. Nxe5
Rxe5 15. f4 Re8 16. fxg5 Qxg5 17. Nf1 c5 18. Kb1 c4 19. Be2 Bf5 0-1

[Event "Tournoi francophone 019"]
[Site "Skype"]
[Date "????.??.??"]
[Round "4.17"]
[White "Le Brun, Yves"]
[Black "Ruiz Aguilera, Juan Jesus"]
[Result "1-0"]
[WhiteElo "1321"]
[BlackElo "1116"]
[PlyCount "57"]

1. d4 Nf6 2. Bf4 d5 3. e3 e6 4. Nd2 Bd6 5. Bg3 O-O 6. Bd3 Bb4 7. c3 Bd6 8. f4
c5 9. Ngf3 c4 10. Bc2 Nc6 11. Ne5 Qb6 12. Rb1 Qa5 13. a3 Bxe5 14. fxe5 Ne4 15.
Nxe4 dxe4 16. Bxe4 Qd8 17. O-O Qg5 18. Bf4 Qh4 19. Rf3 f5 20. Bxc6 bxc6 21. Rh3
Qe7 22. Qh5 h6 23. Bxh6 gxh6 24. Rg3+ Qg7 25. Rxg7+ Kxg7 26. Rf1 Rb8 27. Rf3
Rxb2 28. Rg3+ Kh7 29. Qg6+ 1-0

[Event "Tournoi francophone 019"]
[Site "Skype"]
[Date "????.??.??"]
[Round "4.19"]
[White "De Fazio, Monica"]
[Black "Fouques Duparc, Paulin"]
[Result "1/2-1/2"]
[WhiteElo "1020"]
[BlackElo "1228"]
[PlyCount "72"]

1. d4 Nf6 2. Nf3 b6 3. g3 Bb7 4. Bg2 d6 5. O-O Nbd7 6. c4 e5 7. d5 Be7 8. Nc3
c6 9. Bg5 cxd5 10. cxd5 O-O 11. Nh4 h6 12. Bxf6 Bxf6 13. Nf5 Nc5 14. Ne4 Rc8
15. Nfxd6 Rc7 16. Nxb7 Nxb7 17. d6 Rd7 18. Nxf6+ Qxf6 19. Bxb7 Rxb7 20. Qd5 Rd7
21. Rfd1 Rfd8 22. Qf3 Qxf3 23. exf3 Rxd6 24. Rxd6 Rxd6 25. Re1 f6 26. Kg2 Rd2
27. Rb1 Kf7 28. Kf1 Ke6 29. Ke1 Rc2 30. a3 g5 31. Kf1 f5 32. h4 gxh4 33. gxh4
Kf6 34. Kg2 f4 35. b4 Kg6 36. Rd1 Rc6 1/2-1/2

[Event "Tournoi francophone 019"]
[Site "Skype"]
[Date "????.??.??"]
[Round "4.20"]
[White "Abate, Luigi"]
[Black "Milanese, Serge"]
[Result "1/2-1/2"]
[WhiteElo "1066"]
[BlackElo "1202"]
[PlyCount "90"]

1. d4 Nf6 2. Bf4 d5 3. e3 e6 4. Nf3 Bd6 5. Nbd2 Bxf4 6. exf4 O-O 7. Bd3 Nbd7 8.
O-O c6 9. c3 Nh5 10. f5 Ndf6 11. Re1 exf5 12. Qc2 Ne4 13. b3 Be6 14. Rad1 Nhf6
15. Nh4 Ng4 16. g3 Ngxf2 17. Rc1 Nxd3 18. Qxd3 Qg5 19. Ndf3 Qe7 20. Kg2 g5 21.
Nxf5 Bxf5 22. Qe3 f6 23. h4 Qd7 24. Rh1 Bh3+ 25. Kh2 Bg4 26. Ne1 Rae8 27. Qg1
Bh5 28. Qg2 Bg6 29. Kg1 g4 30. h5 Bf5 31. Nd3 Ng5 32. Nf2 Nf3+ 33. Kf1 Nd2+ 34.
Kg1 Re2 35. Rh4 Be4 36. Nxe4 Rxg2+ 37. Kxg2 Nxe4 38. Rf1 Qd6 39. Rxg4+ Kf7 40.
Rff4 Rg8 41. Rxg8 Kxg8 42. Rg4+ Kf7 43. Kh3 Nf2+ 44. Kh4 Nxg4 45. Kxg4 Qe6+
1/2-1/2

[Event "Tournoi francophone 019"]
[Site "Skype"]
[Date "????.??.??"]
[Round "4.22"]
[White "Jacquelin, Norbert"]
[Black "Wildt, Gerti"]
[Result "1-0"]
[WhiteElo "1703"]
[BlackElo "1067"]
[PlyCount "83"]

1. c4 c5 2. Nc3 Nc6 3. g3 e6 4. Bg2 a6 5. Nf3 Nf6 6. d3 Be7 7. O-O O-O 8. e4
Nd4 9. Ne2 e5 10. Nxe5 d6 11. Nxd4 dxe5 12. Nf3 Bg4 13. h3 Bh5 14. g4 Bg6 15.
Nxe5 Bd6 16. Nxg6 hxg6 17. f4 g5 18. e5 Bc7 19. exf6 Qd4+ 20. Kh1 Qxf6 21. Rb1
Qd6 22. Qf3 f6 23. Qd5+ Rf7 24. Qxd6 Bxd6 25. Bd5 Rb8 26. fxg5 f5 27. g6 Kf8
28. Bxf7 fxg4 29. h4 g3 30. h5 g2+ 31. Kxg2 Rd8 32. h6 gxh6 33. Bxh6+ Ke7 34.
Bg5+ Kd7 35. Bxd8 Kxd8 36. g7 Kd7 37. g8=Q Kc6 38. Bd5+ Kb6 39. Qc8 Ka5 40.
Qd8+ b6 41. Qxd6 Kb4 42. Qxb6+ 1-0

[Event "Tournoi francophone 019"]
[Site "Skype"]
[Date "????.??.??"]
[Round "4.23"]
[White "Trapletti, Cosetta"]
[Black "Duthoit, Bernard"]
[Result "0-1"]
[WhiteElo "1138"]
[BlackElo "1320"]
[PlyCount "86"]

1. d4 e5 2. d5 d6 3. c4 Nd7 4. Nc3 b6 5. Nf3 Ngf6 6. e4 Bb7 7. Bd3 g6 8. Be3
Bg7 9. h3 c6 10. Qd2 cxd5 11. cxd5 Rc8 12. Nb5 Nc5 13. Nxa7 Ra8 14. Nb5 Ncxe4
15. Bxe4 Nxe4 16. Qd3 Nc5 17. Qc4 e4 18. Ng5 Nd3+ 19. Ke2 Nxb2 20. Qb4 Bxd5 21.
Nxd6+ Kd7 22. Ndxf7 Bxf7 23. Nxf7 Qf6 24. Nxh8 Bxh8 25. Rhd1+ Nxd1 26. Rxd1+
Kc7 27. Qxe4 Rxa2+ 28. Bd2 Qd6 29. Qf4 Qxf4 30. g3 Qe4+ 31. Kf1 Qd3+ 32. Ke1
Bc3 33. Bxc3 Qxc3+ 34. Kf1 Ra1 35. Ke2 Rxd1 36. Kxd1 b5 37. g4 b4 38. h4 b3 39.
f4 b2 40. f5 Qd3+ 41. Ke1 b1=Q+ 42. Kf2 Qb2+ 43. Ke1 Qdb1# 0-1

[Event "Tournoi francophone 019"]
[Site "Skype"]
[Date "????.??.??"]
[Round "4.24"]
[White "Lecluyse, Koenraad"]
[Black "Hargez, Dany"]
[Result "1-0"]
[WhiteElo "1096"]
[BlackElo "1296"]
[PlyCount "25"]

1. d4 d5 2. Nf3 Nf6 3. Bf4 Be6 4. e3 Qd7 5. Bd3 Nc6 6. c3 O-O-O 7. O-O Bg4 8.
Nbd2 e6 9. Bb5 h5 10. Qa4 Qe8 11. Bxc6 bxc6 12. Qxa7 Kd7 13. Qxc7# 1-0

[Event "Tournoi francophone 019"]
[Site "Skype"]
[Date "????.??.??"]
[Round "4.26"]
[White "Tolaro, Filippa"]
[Black "Rodriguez, Nathalie"]
[Result "0-1"]
[WhiteElo "1048"]
[BlackElo "1224"]
[PlyCount "46"]

1. Nf3 d5 2. d4 Nc6 3. e3 Bf5 4. b3 Nb4 5. Bb2 Nxc2+ 6. Kd2 Nxa1 7. Bxa1 e6 8.
a3 Be7 9. b4 Nf6 10. Qa4+ c6 11. b5 Ne4+ 12. Kc1 O-O 13. bxc6 Rc8 14. Qxa7
Rxc6+ 15. Nc3 Nxc3 16. Bxc3 Rxc3+ 17. Kb2 Qc7 18. Be2 Bxa3+ 19. Ka2 Bd6 20. Nh4
Rc2+ 21. Kb3 Qc3+ 22. Ka4 Ra2+ 23. Kb5 Rxa7 0-1

[Event "Tournoi francophone 019"]
[Site "Skype"]
[Date "????.??.??"]
[Round "4.27"]
[White "Blanchard, Colette"]
[Black "Schnell, Nicolas"]
[Result "1-0"]
[WhiteElo "1204"]
[BlackElo "1035"]
[PlyCount "89"]

1. d4 e6 2. Nf3 Nf6 3. Bf4 d6 4. Nbd2 Nd5 5. Bg3 Be7 6. e4 Nf6 7. Bf4 Nh5 8.
Be3 Nc6 9. Bd3 Bd7 10. O-O Bf6 11. c3 e5 12. h3 Nf4 13. Bxf4 exf4 14. Re1 Bg5
15. e5 dxe5 16. dxe5 Be6 17. Ne4 O-O 18. Nexg5 Bd7 19. Bxh7+ Kh8 20. Bd3 f6 21.
Nh7 Qc8 22. Nxf8 Bxh3 23. Ng6+ Kh7 24. Nxf4+ Kg8 25. Nxh3 Qg4 26. Re4 Qh5 27.
e6 Rd8 28. Qe2 Qd5 29. Nf4 Qd6 30. Ng6 Ne7 31. Nxe7+ Qxe7 32. Bc4 Rd6 33. Rd1
f5 34. Re5 f4 35. Rxd6 cxd6 36. Rf5 g6 37. Rxf4 g5 38. Nxg5 Qxg5 39. e7+ Kg7
40. Qg4 Kg6 41. e8=Q+ Kh6 42. Qee6+ Kg7 43. Qxg5+ Kh7 44. Rf7+ Kh8 45. Qg7# 1-0

[Event "Tournoi francophone 019"]
[Site "Skype"]
[Date "????.??.??"]
[Round "4.28"]
[White "Ibanez, Bittor"]
[Black "Radice, Marco"]
[Result "1-0"]
[WhiteElo "1047"]
[BlackElo "1198"]
[PlyCount "51"]

1. e4 c5 2. Nf3 d6 3. d4 cxd4 4. Nxd4 Nf6 5. Nc3 Qa5 6. Bd3 e5 7. Nb3 Qc7 8.
Nb5 Qd8 9. c4 a6 10. Nc3 Be7 11. Ne2 Nc6 12. Bd2 O-O 13. O-O Be6 14. Rc1 b6 15.
Ng3 a5 16. a3 Rc8 17. Nf5 a4 18. Nxe7+ Qxe7 19. Na1 Nd4 20. Bg5 h6 21. Bh4 Kh8
22. f4 Qe8 23. Bxf6 gxf6 24. f5 Bd7 25. Qd2 Rg8 26. Qxh6# 1-0

[Event "Tournoi francophone 019"]
[Site "Skype"]
[Date "????.??.??"]
[Round "4.29"]
[White "Hampton, Irene"]
[Black "Yepez, German"]
[Result "0-1"]
[WhiteElo "1000"]
[BlackElo "1171"]
[PlyCount "92"]

1. d4 d5 2. Bf4 Nf6 3. e3 Bg4 4. Be2 Bxe2 5. Qxe2 e6 6. c3 c5 7. dxc5 Bxc5 8.
Nd2 Nc6 9. Ngf3 O-O 10. Kf1 Bd6 11. Bg5 h6 12. Bxh6 gxh6 13. h3 Qb6 14. b3 Rac8
15. a4 Ne5 16. Rc1 Nxf3 17. Qxf3 Ne8 18. g4 Ng7 19. Kg2 f5 20. g5 hxg5 21. Kg1
Qd8 22. Qg2 Qf6 23. c4 f4 24. Nf3 fxe3 25. fxe3 Qxf3 26. Qxf3 Rxf3 27. Re1 Rxe3
28. Rxe3 Bc5 29. Kf2 Nf5 30. Rhe1 Bxe3+ 31. Rxe3 Nxe3 32. Kxe3 dxc4 33. bxc4
Rxc4 34. a5 e5 35. Kd3 Rd4+ 36. Kc3 Kg7 37. Kb3 Kf6 38. Ka3 Kf5 39. Kb3 Ke4 40.
Kc3 Ke3 41. Kb3 Rd1 42. Kb4 Kd4 43. Kb5 Rc1 44. Kb4 Rb1+ 45. Ka4 Kc3 46. Ka3
Ra1# 0-1

[Event "Tournoi francophone 019"]
[Site "Skype"]
[Date "????.??.??"]
[Round "4.30"]
[White "Ortis, Yves"]
[Black "Warin, Benjamin"]
[Result "1-0"]
[WhiteElo "1147"]
[BlackElo "1000"]
[PlyCount "59"]

1. f4 d5 2. d4 e6 3. Nf3 Nf6 4. Nbd2 c6 5. b3 Bd7 6. h3 Na6 7. a3 Qe7 8. c4
O-O-O 9. Qc2 Be8 10. g4 g6 11. Bg2 h5 12. g5 Nh7 13. h4 Bg7 14. Bb2 f6 15. cxd5
Rxd5 16. Nc4 fxg5 17. e4 Rd8 18. hxg5 Bf7 19. Qd2 c5 20. e5 cxd4 21. Nd6+ Kb8
22. Nxd4 Qc7 23. Bxb7 Nc5 24. N4b5 Qd7 25. Nxa7 Nxb3 26. Qb4 Nxa1 27. Nc6+ Kc7
28. Bxa1 Rdg8 29. Bd4 Nf8 30. Qb6# 1-0

[Event "Tournoi francophone 019"]
[Site "Skype"]
[Date "????.??.??"]
[Round "4.31"]
[White "Soubrier, Laure"]
[Black "Rivalta, Paolo"]
[Result "1/2-1/2"]
[WhiteElo "1000"]
[BlackElo "1143"]
[PlyCount "80"]

1. e4 e5 2. f4 Nc6 3. Nf3 d6 4. Nc3 Bg4 5. Bb5 Nge7 6. d3 a6 7. Ba4 g6 8. a3
Bg7 9. Be3 O-O 10. Nd5 exf4 11. Bd2 b5 12. Bb3 Re8 13. c3 Ne5 14. Qc2 Nxf3+ 15.
gxf3 Bxf3 16. Rg1 Rc8 17. Bxf4 Nxd5 18. Bxd5 c6 19. Bb3 d5 20. Kf2 dxe4 21. d4
e3+ 22. Kxf3 Qf6 23. Qd3 Bh6 24. Rg4 e2 25. Re1 Re7 26. c4 Rce8 27. Kg3 Bxf4+
28. Rxf4 Qg5+ 29. Kf3 Re3+ 30. Qxe3 Rxe3+ 31. Kxe3 Qe7+ 32. Kd2 Qg5 33. Ke3
bxc4 34. Bxc4 Qe7+ 35. Kd3 Qd7 36. Rxe2 Qh3+ 37. Kc2 Kg7 38. Rxf7+ Kh6 39. Rf6
Qh4 40. Rd2 Qxf6 1/2-1/2

[Event "Tournoi francophone 019"]
[Site "Skype"]
[Date "????.??.??"]
[Round "4.32"]
[White "Le Bouill, Pierre"]
[Black "Vincent, Andre"]
[Result "1/2-1/2"]
[WhiteElo "1223"]
[BlackElo "1332"]
[PlyCount "99"]

1. Nf3 d5 2. g3 c6 3. Bg2 Nf6 4. d4 Bf5 5. c3 Nbd7 6. Nbd2 e6 7. b3 Be7 8. O-O
O-O 9. e3 Ne4 10. Nxe4 Bxe4 11. Nd2 Bxg2 12. Kxg2 Nf6 13. f3 Qd7 14. Qe2 h6 15.
e4 Nh7 16. f4 f5 17. e5 Qe8 18. g4 Qg6 19. Kh1 Qxg4 20. Qxg4 fxg4 21. a4 Rf5
22. Kg2 h5 23. c4 Raf8 24. Nb1 Bb4 25. Be3 b6 26. Na3 Bxa3 27. Rxa3 R8f7 28.
Ra2 Nf8 29. Raf2 h4 30. h3 g3 31. Rf3 Ng6 32. cxd5 cxd5 33. Bd2 Rc7 34. Rc3
Rxc3 35. Bxc3 Rxf4 36. Rxf4 Nxf4+ 37. Kf1 g2+ 38. Kf2 g1=Q+ 39. Kxg1 Nxh3+ 40.
Kg2 Nf4+ 41. Kf3 g5 42. Bd2 Kf7 43. Bxf4 gxf4 44. Kxf4 Kg6 45. Kg4 h3 46. Kxh3
Kf5 47. Kg3 Ke4 48. Kg4 Kxd4 49. Kg5 Ke4 50. Kf6 1/2-1/2

[Event "Tournoi francophone 019"]
[Site "Skype"]
[Date "????.??.??"]
[Round "4.33"]
[White "Guillaume, Mickael"]
[Black "Akli, Dimitri"]
[Result "0-1"]
[WhiteElo "1126"]
[BlackElo "1000"]
[PlyCount "31"]

1. c4 e5 2. Nc3 Nf6 3. d3 b6 4. Nf3 d6 5. g3 Bb7 6. Bg2 Nbd7 7. O-O d5 8. cxd5
Nxd5 9. Qc2 Nb4 10. Qb3 Bd6 11. Ng5 Qe7 12. Bxb7 Rd8 13. Nd5 Nxd5 14. Bxd5 O-O
15. Qc4 h6 16. Qxc7 0-1

[Event "Tournoi francophone 019"]
[Site "Skype"]
[Date "????.??.??"]
[Round "4.35"]
[White "Fabre, Gregory"]
[Black "Alcaraz Acosta, Luisa Montserrat"]
[Result "1-0"]
[WhiteElo "1000"]
[BlackElo "1000"]
[PlyCount "63"]

1. d4 e6 2. e4 d5 3. Nc3 c5 4. Be3 Nc6 5. dxc5 Nge7 6. Bd3 d4 7. Bxd4 Nxd4 8.
Bb5+ Bd7 9. Qxd4 Nc6 10. Qd3 Be7 11. Nf3 O-O 12. O-O-O e5 13. h4 a6 14. Bc4 b5
15. Bd5 Nb4 16. Qe3 Nxd5 17. exd5 b4 18. Ne4 Rb8 19. b3 a5 20. d6 f5 21. Neg5
e4 22. Ne5 f4 23. Qd4 Rf6 24. Qd5+ Be6 25. Nxe6 Qc8 26. dxe7 Qxe6 27. Nc6 Rc8
28. Nd8 h6 29. e8=Q+ Kh7 30. Qxe4+ Rf5 31. Q4xe6 Rfxc5 32. Q8g8# 1-0

[Event "Tournoi francophone 019"]
[Site "Skype"]
[Date "????.??.??"]
[Round "4.36"]
[White "Rodgerson, Michael"]
[Black "Cassano, Mariangela"]
[Result "0-1"]
[WhiteElo "1000"]
[BlackElo "1000"]
[PlyCount "64"]

1. e4 e5 2. Nf3 c5 3. d4 d6 4. Bc4 Ne7 5. O-O g6 6. Qd2 cxd4 7. b3 Nbc6 8. Bb2
Bg7 9. Nc3 dxc3 10. Bxc3 d5 11. Bd3 dxe4 12. Bxe4 Bf5 13. Qc1 Bxe4 14. Nd2 Bd5
15. Qa3 e4 16. Rad1 Bxc3 17. Rfe1 O-O 18. b4 Bf6 19. b5 Ne5 20. Re3 Nc4 21. Rf3
Nxa3 22. Rxf6 Nxb5 23. Rb1 Bxa2 24. Rxb5 Bc4 25. Rg5 Nd5 26. Rg4 Nxf6 27. Rxe4
Nxe4 28. Nxc4 Qd5 29. Nb2 Rad8 30. c4 Qd4 31. c5 Nxc5 32. Na4 Nxa4 0-1

[Event "Tournoi francophone 019"]
[Site "Skype"]
[Date "????.??.??"]
[Round "5.1"]
[White "Caputi, Giuliano"]
[Black "Deville, Olivier"]
[Result "1/2-1/2"]
[WhiteElo "1638"]
[BlackElo "1751"]
[PlyCount "56"]

1. e4 g6 2. d4 Bg7 3. f4 c5 4. c3 Qb6 5. Nf3 d6 6. h3 Bd7 7. Bc4 Bb5 8. Na3
Bxc4 9. Nxc4 Qa6 10. Qe2 cxd4 11. cxd4 Nc6 12. d5 Na5 13. Nxa5 Qxa5+ 14. Bd2
Qa6 15. Qxa6 bxa6 16. Bc3 Nf6 17. Nd2 O-O 18. O-O Rab8 19. Rae1 Rfc8 20. g4 Kf8
21. Rf3 Nd7 22. Bxg7+ Kxg7 23. Nb3 Nc5 24. Nxc5 Rxc5 25. Re2 Rb4 26. Kf2 a5 27.
Rc3 Rxc3 28. bxc3 Rc4 1/2-1/2

[Event "Tournoi francophone 019"]
[Site "Skype"]
[Date "????.??.??"]
[Round "5.2"]
[White "Rochette, Mathieu"]
[Black "Castillo, David"]
[Result "1-0"]
[WhiteElo "1603"]
[BlackElo "1449"]
[PlyCount "67"]

1. e4 c5 2. Nf3 Nc6 3. d4 cxd4 4. Nxd4 e6 5. Nc3 Bb4 6. Be2 Ba5 7. Ndb5 Bc7 8.
Nd6+ Bxd6 9. Qxd6 a6 10. Be3 Nge7 11. f4 O-O 12. g4 Ng6 13. O-O-O Qe7 14. Qd2
f5 15. gxf5 exf5 16. exf5 Rxf5 17. Bd3 Qe6 18. Bxf5 Qxf5 19. Nd5 b5 20. Nb6 Rb8
21. Qd6 Rxb6 22. Bxb6 Qxf4+ 23. Qxf4 Nxf4 24. Rhf1 Ne6 25. Rd2 Ne5 26. Bd4 Ng6
27. Bc3 Ngf4 28. Rd6 g5 29. Rb6 Ng6 30. Rb8 Ne7 31. Bf6 Kf8 32. Bxg5+ Ke8 33.
Bxe7 Kxe7 34. Rxc8 1-0

[Event "Tournoi francophone 019"]
[Site "Skype"]
[Date "????.??.??"]
[Round "5.3"]
[White "Khabou, Taha"]
[Black "Lambert, Pierre"]
[Result "0-1"]
[WhiteElo "1358"]
[BlackElo "1660"]
[PlyCount "62"]

1. d4 Nf6 2. Bf4 e6 3. e3 d5 4. Bd3 Bd6 5. Bg3 Nbd7 6. Nf3 Qe7 7. c3 e5 8. dxe5
Nxe5 9. Nxe5 Bxe5 10. Bxe5 Qxe5 11. Nd2 c6 12. a4 Be6 13. a5 Rd8 14. Nf3 Qc7
15. Nd4 Bd7 16. O-O O-O 17. Re1 Rfe8 18. Qf3 Ng4 19. Qg3 Qxg3 20. hxg3 Re7 21.
e4 Rde8 22. f3 Nf6 23. e5 Rxe5 24. Kf2 Rxe1 25. Rxe1 Rxe1 26. Kxe1 Ne8 27. Ke2
Nd6 28. Nb3 b6 29. axb6 axb6 30. Ke3 c5 31. Bc2 Nc4+ 0-1

[Event "Tournoi francophone 019"]
[Site "Skype"]
[Date "????.??.??"]
[Round "5.4"]
[White "Pourrouquet, Albert"]
[Black "Le Brun, Yves"]
[Result "1-0"]
[WhiteElo "1451"]
[BlackElo "1321"]
[PlyCount "73"]

1. e4 e6 2. d4 b6 3. Nf3 Bb7 4. Nbd2 Ba6 5. b3 Nf6 6. Bxa6 Nxa6 7. O-O Be7 8.
c3 c6 9. Re1 Nc7 10. Bb2 O-O 11. Nf1 d6 12. Qc2 Rc8 13. Ng3 c5 14. Rad1 cxd4
15. Nxd4 Qd7 16. c4 Rfd8 17. Qe2 e5 18. Nf3 Qe8 19. Nf5 Bf8 20. Ba3 Qe6 21. Rd3
g6 22. Ng5 Qe8 23. Nxd6 Bxd6 24. Rxd6 Rxd6 25. Bxd6 Ne6 26. Nxe6 Qxe6 27. Ba3
Nd7 28. Rd1 f6 29. Rd3 Nc5 30. Rd5 Qc6 31. Bxc5 bxc5 32. Qd2 Qb7 33. Rd8+ Rxd8
34. Qxd8+ Kg7 35. f3 a6 36. Kf2 Qf7 37. Qb6 1-0